00434nam a2200157 a 450000100080000000500110000800800410001910000220006024500490008226000680013130000100019965000130020970000160022270000180023870000200025612190172015-05-12 1985 bl uuuu u0uu1 u #d1 aADANDEDJAN, C. C. aCreep grazing lambs on tall fescue pastures. aMorgantown : Agricultural and Forestry Experiment Stationc1985 a30 p. aPastagem1 aREID, R. L.1 aRANNEY, T. S.1 aTOWNSEND, E. C.